| 000 | 00920nam a22002177a 4500 | ||
|---|---|---|---|
| 999 |
_c1178 _d1178 |
||
| 003 | AR-CdUCM | ||
| 008 | 190226b ||||| |||| 00| 0 spa d | ||
| 040 |
_aMUNICIPALIDAD PROVINCIAL DEL CUSCO _cBIBLIOTECA MUNICIPAL DEL CUSCO |
||
| 082 |
_a331.21 / _bD68 |
||
| 100 |
_aDíaz, Juan José _94618 |
||
| 245 |
_aEstructura de ingresos relativos en Lima metropolitana : _b1986-1995 / |
||
| 260 |
_aLima : _bAtenea , _c1999. |
||
| 300 |
_a107 páginas ; _bcuadros estadísticos. _c20 cm. |
||
| 440 |
_aInvestigaciones breves _n11 _94619 |
||
| 505 | _aUn enfoque de oferta y demanda -- Los factores de oferta -- La evolución del empleo y la estructura de ingresos en Lima -- Análisis de los cambios en la oferta relativa -- Análisis de los cambios de la demanda relativa... | ||
| 650 |
_aOferta. _94620 |
||
| 650 |
_aDemanda. _94621 |
||
| 650 |
_aIngresos de Lima. _94622 |
||
| 942 |
_2ddc _cLIBROS |
||
| 945 |
_awfj _d2019-02-26 |
||